Romances amorosos de los siglos de oro

Zapisane w:
Opis bibliograficzny
1. autor: Herrera Petere, José (selección y prólogo)
Format: Książka
Język:Undetermined
Wydane: México, Distrito Federal orafo 1942
Hasła przedmiotowe:
Etykiety: Dodaj etykietę
Nie ma etykietki, Dołącz pierwszą etykiete!

MARC

LEADER 00000nam a2200000Ia 4500
008 170316s9999 xx 000 0 und d
040 |a cru BVZT 
090 |a 862 H-6r 
100 |a Herrera Petere, José (selección y prólogo) 
245 |a Romances amorosos de los siglos de oro 
260 |a México, Distrito Federal 
260 |b orafo 
260 |c 1942 
300 |a 170 páginas 
650 |a LITERATURA ESPAÑOLA 
999 |c 9980  |d 9980 
942 |c 15 D  |h 862 H-6r  |2 z